Welcome to CU Library Online Public Access Catalogue (OPAC)

ICSA Study Text : (Record no. 5535)

MARC details
000 -LEADER
fixed length control field 00555nam a22002057a 4500
003 - CONTROL NUMBER IDENTIFIER
control field OSt
005 - DATE AND TIME OF LATEST TRANSACTION
control field 20250424175127.0
008 - FIXED-LENGTH DATA ELEMENTS--GENERAL INFORMATION
fixed length control field 250424b |||||||| |||| 00| 0 eng d
020 ## - INTERNATIONAL STANDARD BOOK NUMBER
International Standard Book Number 9780751751277
040 ## - CATALOGING SOURCE
Transcribing agency London
050 ## - LIBRARY OF CONGRESS CALL NUMBER
Classification number KD661
Item number 2000
100 ## - MAIN ENTRY--PERSONAL NAME
Personal name ICSA Study Text
245 ## - TITLE STATEMENT
Title ICSA Study Text :
Remainder of title Introduction to English and European union Law.
260 ## - PUBLICATION, DISTRIBUTION, ETC.
Place of publication, distribution, etc. London :
Name of publisher, distributor, etc. BPP Publishing :
Date of publication, distribution, etc. c2000
300 ## - PHYSICAL DESCRIPTION
Extent xii, 334pp
Dimensions 24cm
Accompanying material Foudation Paper 3:
490 ## - SERIES STATEMENT
Materials specified EU Law
500 ## - GENERAL NOTE
General note Includes index
600 ## - SUBJECT ADDED ENTRY--PERSONAL NAME
Source of heading or term EU Law
942 ## - ADDED ENTRY ELEMENTS (KOHA)
Source of classification or shelving scheme Library of Congress Classification
Koha item type Books
Suppress in OPAC No
Holdings
Withdrawn status Lost status Source of classification or shelving scheme Damaged status Not for loan Collection Home library Current library Shelving location Date acquired Total checkouts Full call number Barcode Date last seen Copy number Price effective from Koha item type
    Library of Congress Classification     Non-fiction Law Library (Christ Temple) Law Library (Christ Temple) General stacks 04/24/2025   KD661 INT LLCT00000609 04/24/2025 1 04/24/2025 Books
    Library of Congress Classification     Non-fiction Law Library (Christ Temple) Law Library (Christ Temple) General stacks 04/24/2025   KD661 INT LLCT00000610 04/24/2025 2 04/24/2025 Books
© 2023-2024 Copyright: Central University Libraries. All Rights Reserved | Created by: Mahone Tech Office